[Event "Seville-ch Primera"]
[Site "Seville"]
[Date "2013.02.09"]
[Round "3.6"]
[White "Betancourt Orozco, Pedro Raul"]
[Black "Calle Moreau, Sergio"]
[Result "1/2-1/2"]
[WhiteElo "1967"]
[BlackElo "1868"]
[PlyCount "68"]
[EventDate "2013.01.26"]
[EventType "tourn"]
[EventRounds "9"]
[EventCountry "ESP"]
[SourceTitle "EXT 2024"]
[Source "ChessBase"]
[SourceDate "2023.10.10"]
[SourceVersion "1"]
[SourceVersionDate "2023.10.10"]
[SourceQuality "1"]

1. c4 e5 2. g3 Nf6 3. Bg2 d5 4. cxd5 Nxd5 5. Nc3 Nb6 6. e3 Nc6 7. Nge2 Be7 8. 0-0 0-0 9. f4 f6 10. d4 a5 11. a3 Bg4 12. d5 Nb8 13. h3 Bh5 14. g4 Bg6 15. d6 cxd6 16. Bxb7 Ra7 17. Bg2 Bf7 18. Nd5 Nxd5 19. Bxd5 Nd7 20. Nc3 Nb6 21. Bxf7+ Rxf7 22. b3 Rb7 23. Ra2 Qc8 24. Qd3 f5 25. gxf5 Qxf5 26. e4 Qd7 27. Rc2 exf4 28. Rxf4 Bf6 29. Rf5 Rc7 30. Be3 Rxc3 31. Rxc3 Bxc3 32. Rxf7 Kxf7 33. Bxb6 Qc6 34. Be3 Ke7 1/2-1/2